| 000 | 01298nac a22003257a 4500 | ||
|---|---|---|---|
| 001 | BR8001105 | ||
| 003 | BR-BrBNA | ||
| 005 | 20240105114622.0 | ||
| 008 | 230509b bl.|||m| |||| 00| 0 por d | ||
| 040 |
_aBR-BrBNA _bpor _cBiblioteca Nacional de Agricultura |
||
| 072 | _aE70; L00 | ||
| 090 | _a5213 BR8001105 | ||
| 110 | 1 |
_aFundacao Estadual de Planejamento Agricola do Rio Grande do Norte, Natal (Brasil) _94891 |
|
| 245 | 1 | _aInforme conjuntural de pecuaria, fevereiro 1980 [Gado de corte; Estatistica comercial; Estatistica de producao; Rio Grande do Norte; Brasil] | |
| 246 | 1 | _a[Conjunctural report on animal husbandry, February 1980 [Beef cattle; Commercial statistics; Production statistics; Rio Grande do Norte; Brazil]] | |
| 260 | 3 |
_aNatal, RN (Brasil): _c1980. |
|
| 300 | _a25 p. | ||
| 490 |
_aInforme Conjuntural de Pecuaria - Fundacao Estadual de Planejamento Agricola do Rio Grande do Norte (Brazil) _vv. 1(1) _x |
||
| 500 | _a10 tables | ||
| 650 | _aComercializacao | ||
| 650 | _aProducao animal | ||
| 650 | _aPecuaria | ||
| 650 | _aGado de corte | ||
| 650 | _aEstatistica de producao | ||
| 650 | _aEstatistica comercial | ||
| 650 | _aAbastecimento | ||
| 650 | _aRio Grande do Norte | ||
| 909 |
_a202312 _bLúcia Elande _c55 _dLúcia Elande |
||
| 942 |
_2AGRIS _n0 _cMS |
||
| 999 |
_c270376 _d270376 |
||